Noise Source Cryptograhhic Key Generator / (Record no. 188628)

000 -LEADER
fixed length control field 00490 a2200169 4500
003 - CONTROL NUMBER IDENTIFIER
control field Nust
005 - DATE AND TIME OF LATEST TRANSACTION
control field 20251020124319.0
040 ## - CATALOGING SOURCE
Transcribing agency Nust
082 ## - DEWEY DECIMAL CLASSIFICATION NUMBER
Classification number 621.382,AWA
100 ## - MAIN ENTRY--PERSONAL NAME
Personal name Awan, Asim Capt ( TE-34)
9 (RLIN) 131255
245 ## - TITLE STATEMENT
Title Noise Source Cryptograhhic Key Generator /
Statement of responsibility, etc. Capt Asim Awan , Capt Hasnat Sadiq , Capt Farooq Omer , Lt Ammar -EL- Tattar
260 ## - PUBLICATION, DISTRIBUTION, ETC.
Name of publisher, distributor, etc. MCS
Place of publication, distribution, etc. Rawalpindi
Date of publication, distribution, etc. 2001
300 ## - PHYSICAL DESCRIPTION
Extent Various
650 ## - SUBJECT ADDED ENTRY--TOPICAL TERM
Topical term or geographic name entry element UG Projects
9 (RLIN) 98716
651 ## - SUBJECT ADDED ENTRY--GEOGRAPHIC NAME
Geographic name TE-34
9 (RLIN) 131256
942 ## - ADDED ENTRY ELEMENTS (KOHA)
Koha item type Project Report
Source of classification or shelving scheme
Holdings
Withdrawn status Lost status Source of classification or shelving scheme Damaged status Not for loan Permanent Location Current Location Shelving location Date acquired Full call number Barcode Date last seen Price effective from Koha item type Public note
          Military College of Signals (MCS) Military College of Signals (MCS) Reference 12/12/2016 621.382,AWA MCSPTE-86 12/08/2016 12/12/2016 Project Report Almirah No.90, Shelf No.2
© 2023 Central Library, National University of Sciences and Technology. All Rights Reserved.